000 00645nam a2200229Ia 4500
003 OSt
005 20220918191803.0
006 a|||||r|||| 00| 0
007 ta
008 220917b |||||||| |||| 00| 0 eng d
024 _a65,032
037 _cTextual
040 _aARTS
_cARTS
_beng
041 _2eng
_aeng
082 _aR1xE33:g, L4
100 _aHenry D P
245 0 _aCommentary on de Grammatice
_b the historical logical dimensions of a dialogue of Staanslem
260 _aDordrecht
_bD Reidel Pub
_c1974
300 _aix, 351p.
_ccm.
942 _hR1xE33:g, L4
_cTEXL
_2CC
999 _c191369
_d191369